| Record ID | ia:oakinsideacorn0000luca |
| Source | Internet Archive |
| Download MARC XML | https://archive.org/download/oakinsideacorn0000luca/oakinsideacorn0000luca_marc.xml |
| Download MARC binary | https://www.archive.org/download/oakinsideacorn0000luca/oakinsideacorn0000luca_meta.mrc |
LEADER: 00912cam a2200265 a 4500
001 2005033942
003 DLC
005 20061214173827.0
008 051118s2006 tnua b 000 1 eng
010 $a 2005033942
020 $a9781400306015 (hardback)
040 $aDLC$cDLC$dDLC
042 $alcac
050 00 $aPZ7.L9684$bOa 2006
082 00 $a[E]$222
100 1 $aLucado, Max.
245 14 $aThe oak inside the acorn /$cMax Lucado ; illustrations by George Angelini.
260 $aNashville, Tenn. :$bTommy Nelson,$cc2006.
300 $a1 v. (unpaged) :$bcol. ill. ;$c29 cm.
520 $aA tiny acorn fulfills its destiny by becoming the tree God made it to be, and then it watches the little girl who climbs its branches grow up as well.
650 1 $aGrowth$vFiction.
650 1 $aAcorns$vFiction.
650 1 $aOak$vFiction.
650 1 $aChristian life$vFiction.
700 1 $aAngelini, George,$d1951-$eill.